000
00287nam a22001217a 4500
008
170622b xxu||||| |||| 00| 0 eng d
041
_a
eng
080
_a
32
100
_a
21
101
_a
shp
245
_a
POLITICAL THEORY AND INTERNATIONAL RELATIONS
_c
BEITZ.CH.R
942
_2
udc
_c
BK
999
_c
18719
_d
18719